| 000 | 00987nam a2200301Ia 4500 | ||
|---|---|---|---|
| 001 | 16982 | ||
| 003 | IT-RoPAU | ||
| 008 | 130308s9999 xx 000 0 und d | ||
| 040 | _aIT-RoPAU | ||
| 040 | _cIT-RoPAU | ||
| 041 | _aITALIANO | ||
| 100 | _aBarbero Giuseppe | ||
| 100 | _gCodice Aut. SPICS: 9572 | ||
| 245 | _aUn centenario dimenticato-Mons. Ugo Mioni apostolo della buona stampa (1870-1935) | ||
| 245 | _bUn centenario Dimenticato-Mons. Ugo Mioni Apostolo della buona Stampa (1870-1935) | ||
| 250 | _a1a ed. | ||
| 260 | _aROVIGO | ||
| 260 | _bIstituto Padano Arti Grafiche | ||
| 260 | _c1971 [1° Ed.:1971 - Ed.Ling.Originale:1971] | ||
| 300 | _a"8 p. (prefazione: no ; testo: 8)" | ||
| 500 | _aEstratto da Palestra del clero N.11 del 01.06.71 Biografia di Monsignor Ugo Mioni Mioni e la Società San Paolo | ||
| 650 | _aAUTORI/OPERE FAMIGLIA PAOLINA | ||
| 650 | _eCodice materia Spics: 9903 | ||
| 942 | _cBK | ||
| 957 | _71 | ||
| 999 |
_c76302 _d76302 |
||
| 999 | _bSI | ||
| 999 | _g2 | ||